| 000 | 01866ngm a22003730a 4500 | ||
|---|---|---|---|
| 001 | PT58249 | ||
| 003 | AR-LpoUNG | ||
| 005 | 20210202000122.0 | ||
| 007 | vd cvaizq | ||
| 008 | 191001s2004||||ag |||||||||||||||||eng d | ||
| 037 | _c$5 | ||
| 040 |
_aAR-LpoUNG _bspa _cAR-LpoUNG _eaacr |
||
| 041 | _aeng | ||
| 044 | _aag | ||
| 082 | 0 | _a973.7 597vie | |
| 100 | 1 |
_aFleming, Victor _edir. |
|
| 245 | 1 | 0 | _aLo que el viento se llevó |
| 260 |
_aSan Luis : _bAVH, _c2004. |
||
| 300 | _aDVD (233 min.) : son., col. | ||
| 505 | 0 | _aHecha en 1939 en Estados Unidos. Guión: Sidney Howard y Margaret Mitchell. Música: Max Steiner. Fotografía: Ernest Haller. Intérpretes: Clark Gable, Vivien Leigh, Leslie Howard, Olivia de Havilland, Thomas Mitchell, Hattie McDaniel, Fred Crane. Productora: Metro Goldwyn Mayer. Música remasterizada en Dolby Digital 5.1. Menús interactivos: acceso a escenas. Subtitulada en inglés, español y portugués. ATP. | |
| 520 | _aGeorgia, 1861. En una plantación sureña llamada Tara reside Scarlett O'Hara, una bella y caprichosa muchacha enamorada de Ashley Wilkes, que está a punto de contraer matrimonio con Melanie Hamilton. Por despecho, Scarlett se casa con Charles, el hermano de Melanie. En el contexto de la Guerra de Secesión estadounidense, Scarlett, ya viuda, comenzará una relación con un aventurero llamado Rhett Butler, a quién había visto por primera vez en una fiesta en la plantación de los Hamilton, Los 12 robles, un hombre atractivo que no tiene más interés que su propio beneficio. | ||
| 650 | 4 | _aESTADOS UNIDOS | |
| 650 | 4 | _aGUERRA CIVIL | |
| 650 | 4 | _aMATRIMONIO | |
| 650 | 4 | _aRELACIONES HUMANAS | |
| 650 | 4 | _aTERRATENIENTES | |
| 653 | _aCINE ESTADOUNIDENSE | ||
| 653 | _aDVD | ||
| 653 | _aMELODRAMA | ||
| 653 | _aROMANTICA | ||
| 653 | _aVIDEOS | ||
| 905 | _a58249 | ||
| 942 | _cDVD | ||
| 999 |
_c54157 _d54157 |
||